Statistiken für Alle Länder die je an Deutschland grenzten

Klicken Sie hier um das Quiz zu spielen!

Allgemein

  • Dieses Quiz wurde 2.982 mal gespielt
  • Das Durchschnittsergebnis liegt bei 23 aus 27

Antworten auf der Karte

Die Antworten werden auf der Karte rot bzw. grün angezeigt, abhängig davon wie oft sie richtig erraten wurden.
Laden ...
 

Antwortstatistiken

Land% Korrekt
Frankreich
100%
Österreich
100%
Österreich-Ungarn
100%
Polen
99%
Dänemark
99%
Schweiz
99%
Niederlande
99%
Belgien
99%
Tschechien
98%
Italien
98%
Russland
98%
Luxemburg
97%
Schweden
96%
Spanien
95%
Finnland
93%
Ungarn
89%
Sowjetunion
88%
Rumänien
84%
Bulgarien
82%
Jugoslawien
80%
Litauen
78%
Tschechoslowakei
77%
Liechtenstein
67%
Saargebiet
48%
Saarprotektorat
48%
Andorra
47%
Danzig
31%

Verteilung der Resultate

Perzentil nach korrekt beantworteten Fragen

Anzahl Personen mit jedem Resultat

Ihre Resultats-Entwicklung

Sie haben dieses Quiz noch nicht gespielt